000 00745nam a22002297a 4500
003 UA-OsUOA
001 70467
007 ta
008 20100906b un ||||| |||| 00| 0 ukr d
090 _a211
_bА76
942 _cBK
040 _aUA-OsUOA
_brus
_cUA-OsUOA
_dUA-OsUOA
245 _aАпокрифы древних христиан
_bИсследование, тексты, коментарии
_cОкулов А. Ф.
300 _a336 с.
955 _a2
041 _arus
080 _a211
020 _a5-244-00269-4
260 _aМ.
_bМысль
_c1989
650 7 _a21 Природна теологія. Теодицея (Бог). Раціональна теологія Релігійна філософія
_2UDC
999 _c356736
_d356736